000 00706cam a2200253 4500500
005 20260329004608.0
041 _afre
042 _adc
100 1 0 _aSorente, Isabelle
_eauthor
245 0 0 _aLe bonheur est dans le près
260 _c2020.
500 _a16
690 _aBruce Bégout
690 _aEva Illouz
690 _aJ.M.G. Le Clézio
690 _aJulien Blanc-Gras
690 _aLointain
690 _aLozère
690 _aProche
690 _aRandonnée
690 _aVoyage
786 0 _nPhilosophie magazine | 141 | 8 | 2020-08-01 | p. 22-22 | 1951-1787
856 4 1 _uhttps://shs.cairn.info/magazine-philosophie-magazine-2020-8-page-22?lang=fr&redirect-ssocas=7080
999 _c1835476
_d1835476